Advances in chemical physics. Volume 156 /
Gardado en:
| Outros autores: | , |
|---|---|
| Formato: | Electrónico eBook |
| Idioma: | inglés |
| Publicado: |
Hoboken, New Jersey :
Wiley,
[2015]
|
| Subjects: | |
| Acceso en liña: | An electronic book accessible through the World Wide Web; click to view |
| Tags: |
Sen Etiquetas, Sexa o primeiro en etiquetar este rexistro!
|
MARC
| LEADER | 00000nam a2200000 i 4500 | ||
|---|---|---|---|
| 001 | 0000189680 | ||
| 005 | 20171002065524.0 | ||
| 006 | m o d | ||
| 007 | cr cn||||||||| | ||
| 008 | 141201t20152015nju ob 001 0 eng|d | ||
| 020 | |z 9781118949696 | ||
| 020 | |a 9781118949719 (e-book) | ||
| 035 | |a (CaPaEBR)ebr10988173 | ||
| 035 | |a (OCoLC)899006961 | ||
| 040 | |a CaPaEBR |b eng |e rda |e pn |c CaPaEBR | ||
| 050 | 1 | 4 | |a QD453.3 |b .A38 2015eb |
| 082 | 0 | 4 | |a 541.3 |2 23 |
| 245 | 0 | 0 | |a Advances in chemical physics. |n Volume 156 / |c edited by Stuart A. Rice, Department of Chemistry and the James Franck Institute, the University of Chicago, Chicago, Illinois, Aaron R. Dinner, Department of Chemistry and the James Franck Institute, the University of Chicago, Chicago, Illinois. |
| 264 | 1 | |a Hoboken, New Jersey : |b Wiley, |c [2015] | |
| 264 | 4 | |c ©2015 | |
| 300 | |a 1 online resource (531 pages) | ||
| 336 | |a text |2 rdacontent | ||
| 337 | |a computer |2 rdamedia | ||
| 338 | |a online resource |2 rdacarrier | ||
| 504 | |a Includes bibliographical references and index. | ||
| 588 | |a Description based on online resource; title from PDF title page (ebrary, viewed December 1, 2014). | ||
| 590 | |a Electronic reproduction. Palo Alto, Calif. : ebrary, 2014. Available via World Wide Web. Access may be limited to ebrary affiliated libraries. | ||
| 650 | 0 | |a Chemistry, Physical and theoretical. | |
| 655 | 0 | |a Electronic books. | |
| 700 | 1 | |a Rice, Stuart A., |e editor. | |
| 700 | 1 | |a Dinner, Aaron R., |e editor. | |
| 797 | 2 | |a ebrary. | |
| 856 | 4 | 0 | |u http://site.ebrary.com/lib/daystar/Doc?id=10988173 |z An electronic book accessible through the World Wide Web; click to view |
| 908 | |a 170314 | ||
| 942 | 0 | 0 | |c EB |
| 999 | |c 178813 |d 178813 | ||